Ciencias naturales 1 /

Guardado en:
Autor Principal: Balbiano, Alejandro
Formato: Libro
Publicado: Buenos Aires : Santillana, 2014
Series:Santillana en línea
Materias:
Etiquetas: Agregar Etiqueta
Sin Etiquetas, Sea el primero en etiquetar este registro!
LEADER 01246nam a22002775a 4500
001 CEM.cems014593
005 20150507162600.0
008 130507s2014##################000#0#####d
003 CEMS
020 |a 9789504639930 
082 0 4 |a 570 
100 1 |a Balbiano, Alejandro 
245 1 0 |a Ciencias naturales 1 /  |c Alejandro Balbiano ... y Otros 
260 |a Buenos Aires :  |b Santillana,  |c 2014 
300 |a 240 p. 
490 0 |a Santillana en línea 
505 0 |a Los materiales y sus propiedades -- Las mezclas -- El agua -- Energía: diversidad y cambio -- Los intercambios de energía -- Los movimientos -- El Universo y el Sistema Solar -- Los movimientos en el Sistema Solar -- Los seres vivos: unidad y diversidad -- Las plantas -- Los animales -- Los hongos, los protistas y las bacterias -- Las relaciones tróficas -- El organismo humano -- El desarrollo y la reproducción en el ser humano -- La alimentación en el ser humano -- Herramientas para aprender Ciencias Naturales 
653 |a Ciencias naturales 
653 |a Materia 
653 |a Agua 
653 |a Sistema solar 
653 |a Energía 
653 |a Plantas 
653 |a Animales 
653 |a Humano 
859 |a CEMS  |b BIB. CEMS - 11 de abril  |h 570  |i B185-1  |p 27155.15  |t Ej.1  |v 1  |3 1